000 00515nam a2200133Ia 4500
008 220216s9999 xx 000 0 und d
100 _aJoseph C.M.
245 2 _aA user-friendly smoke house
260 _bIn: Global competitiveness of Indian rubber plantation industry: Rubber Planters' Conference, India 2002. (Ed. C. Kuruvilla Jacob). Rubber Research Institute of India, Kottayam, India, pp. 227-230
_c2003
650 _aFuel efficiency
650 _aSheet rubber quality
650 _aSmoke house
942 _cBS
999 _c52546
_d52546